00624nam a2200205 450000100060000000300080000600500170001400800410003103500190007204000270009104100080011808200200012610000300014624500910017626000560026730000210032349000350034465000120037974000270039118187BD-RjUL20211209000241.0140219r1967 nyu 000 1 eng u a(BD-RjUL)18245 cHEIdBOSaBD-RjULbeng aeng a813.4bJAS 19671 aJames, Henry,d1843-1916.14aThe Aspern papers :bThe spoils of Poynton /cWith a general introd. by R.P. Blackmur. aNew York :bDell Pub. Co.,cc1959 [Reprinted 1967]. a320 p. ;c16 cm.0 aThe Laurel Henry James, LC121. aFiction4 aThe spoils of Poynton.